| 000 | 00641cam a22002052 4500 | ||
|---|---|---|---|
| 001 | 0000005018 | ||
| 005 | 20151217155826.0 | ||
| 008 | 070605s xx 000 0 eng d | ||
| 020 | _cKES 1,000 | ||
| 040 |
_aKABU _cKABU |
||
| 050 | 0 |
_aT58.6 _b.S77 |
|
| 110 | 2 |
_aStrathomre University. _bDistance Learning Centre. _@0000156072 |
|
| 245 | 1 | 0 |
_aSytems theory and management information systems : _bsubject no. 7 revision kit. |
| 260 |
_aNairobi : _bS.U.P, _c1992. |
||
| 300 | _a285 p. | ||
| 650 | 0 |
_aManagement information systems. _@0000148209 |
|
| 908 | _a070605 | ||
| 950 | _@1 | ||
| 999 |
_c12947 _d12947 |
||